000
003110000a22001450004500
003
MACL
040
_a
MACL
090
_c
7193
_d
7192
100
_a
Ranganathananda, Swami
245
_a
The Christ we Adore
260
_b
The Ramakrishana Mission
_c
1969
350
_a
.50
650
_a
Religion
942
_c
BOOK
_k
294
999
_c
7146
_d
7146